Juventud rural, modernidad y democracia en América Latina. II parte: Análisis de casos nacionales /
Gorde:
| Egile korporatiboa: | , , |
|---|---|
| Formatua: | Ezezaguna |
| Argitaratua: |
Santiago:
UNICEF. Organización Iberoamericana de Juventud OIJ
|
| Etiketak: |
Etiketa erantsi
Etiketarik gabe, Izan zaitez lehena erregistro honi etiketa jartzen!
|
MARC
| LEADER | 00000 a2200000 04500 | ||
|---|---|---|---|
| 001 | 11987 | ||
| 003 | |||
| 008 | 991231s d | ||
| 040 | |||
| 090 | |a 141312 | ||
| 110 | |a CEPAL | ||
| 245 | |a Juventud rural, modernidad y democracia en América Latina. II parte: Análisis de casos nacionales / |c CEPAL | ||
| 260 | |a Santiago: |b UNICEF. Organización Iberoamericana de Juventud OIJ | ||
| 300 | |a 260 p. | ||
| 710 | |a UNICEF | ||
| 710 | |a Organización Iberoamericana de Juventud | ||
| 999 | |c 6524 |d 6524 | ||
